| 000 | 02124cam a22005774i 4500 | ||
|---|---|---|---|
| 003 | PE-LiUPU | ||
| 005 | 20250731180045.0 | ||
| 008 | 150616s1996 mx a r 000 0 spa d | ||
| 020 | _a9701009118 | ||
| 020 | _a9789701009116 | ||
| 035 | _a(Sirsi) i9789701009116 | ||
| 040 |
_aPE-LiUPU _bspa _cPE-LiUPU _erda |
||
| 049 | _aPRUA | ||
| 082 | 0 | 4 |
_a536.7 _bC43 _221 |
| 100 | 1 |
_aCengel, Yunus A., _eautor. |
|
| 245 | 1 | 0 |
_aTermodinámica / _cYunus A. Cengel, Michael A. Boles. |
| 250 | _aSegunda edición. | ||
| 264 | 1 |
_aMéxico : _bProgramas Educativos S.A., _c1996. |
|
| 300 |
_a449-866 páginas : _bilustraciones ; _c24 centímetros |
||
| 300 | _aCD-diskette | ||
| 336 |
_atext _2rdacontent |
||
| 337 |
_aunmediated _2rdamedia |
||
| 338 |
_avolume _2rdacarrier |
||
| 505 | 0 | _aCiclos de potencia de gas -- Ciclos de potencia de vapor -- Ciclos de refrigeración -- Relaciones de propiedades termodinámicas -- Mezclas de gases -- Mezclas de gas-vapor y acondicionamiento de aire -- Reacciones químicas -- Equilibrio químico y de fase -- Termodinámica del flujo de fluído a alta velocidad -- Apéndices. | |
| 526 | _aSEG44 | ||
| 526 | _aSEG26 | ||
| 526 | _aP159 | ||
| 526 | _aP155 | ||
| 526 | _aP154 | ||
| 526 | _aP153 | ||
| 526 | _aP150 | ||
| 526 | _aP100 | ||
| 526 | _aP31 | ||
| 526 | _aP30 | ||
| 526 | _aP26 | ||
| 526 | _aP25 | ||
| 526 | _aP24 | ||
| 526 | _aP22 | ||
| 526 | _aP15 | ||
| 526 | _aP10 | ||
| 650 | 0 | 4 | _aGases. |
| 700 | 1 |
_aBoles, Michael A., _eautor. |
|
| 910 |
_ajck _bjvq _cjck |
||
| 910 |
_adbm _bncf _cncf _d20190618 |
||
| 942 |
_2ddc _cBOOK |
||
| 949 |
_a536.7 C43 _wDEWEY _c1 _i43548 _d2016-8-25 _e2016-8-21 _lCCODEBUL1 _mBUL _n4 _r0 _sY _tBOOK _u2015-6-16 _xINGENIERIA _zUNKNOWN _0COMPRA _o.STAFF. Colección Ingeniería y Arquitectura |
||
| 994 |
_aC0 _bPEPRU |
||
| 596 | _a1 | ||
| 999 |
_a536.7 C43 2 _wDEWEY _c11 _i43548 _d11 _e2019-8-26 _f2021-11-9 _g8 _lCCODEBUL1 _mBUL _n8 _p50.00 _q3 _r0 _sY _tBOOK _u2015-6-16 _xINGENIERIA _PP24 _0COMPRA _o.STAFF. Colección Ingeniería y Arquitectura |
||
| 980 |
_81 _gALBERTO SANCHEZ Responsable de Automatización |
||